Televisión educativa

Պահպանված է:
Մատենագիտական մանրամասներ
Հիմնական հեղինակ: Gordon, George N (Հեղինակ)
Ձևաչափ: Գիրք
Լեզու:իսպաներեն
Հրապարակվել է: Ciudad de México UTEHA 1966
Շարք:Manuales UTEHA, 340. Sección: 17, Educación
Խորագրեր:
Ցուցիչներ: Ավելացրեք ցուցիչ
Չկան պիտակներ, Եղեք առաջինը, ով նշում է այս գրառումը!

MARC

LEADER 00000nam a2200000 a 4500
001 UCZ6875
003 CL-VaPUC
008 951215e19660000MX |||||||||||||||||spa|d
082 0 4 |a 371.335  |b GOR  |2 21 
100 0 |a Gordon, George N  |e author  |9 351446 
245 1 0 |a Televisión educativa 
300 |a 228 p 
942 |c BK 
945 |d 19951215 00:00:00  |a lriquelm 
260 |a Ciudad de México  |b UTEHA  |c 1966 
650 0 |a Televisión  |9 256845 
650 0 |a Medios de comunicación de masas  |9 257273 
650 0 |a Métodos de enseñanza  |9 270413 
650 7 |a TELEVISION EDUCATIVA  |2 CL-VaPUC  |9 310717 
650 7 |a MATERIAL AUDIOVISUAL  |2 CL-VaPUC  |9 308466 
583 |a last modification  |c 20170829 12:42:29  |k Rodrigo Vera 
490 0 |a Manuales UTEHA, 340. Sección: 17, Educación 
999 |c 243025  |d 243023 
952 |0 0  |1 0  |4 0  |6 371_335000000000000_GOR_1966  |7 0  |8 P  |9 256396  |a BIBEDU  |b BIBEDU  |c BIBEDU_PB  |d 2019-11-19  |i 1608576  |o 371.335 GOR 1966  |p 1608576  |r 2024-01-25  |w 2019-11-19  |y BK  |k EDU 
952 |0 0  |1 0  |4 0  |6 371_335000000000000_GOR_1966  |7 0  |8 P  |9 256397  |a BIBEDU  |b BIBEDU  |c BIBEDU_PB  |d 2019-11-19  |i 1630946  |o 371.335 GOR 1966  |p 1630946  |r 2024-01-25  |w 2019-11-19  |y BK  |k EDU